Informe final: racionalización del proceso judicial.

محفوظ في:
التفاصيل البيبلوغرافية
مؤلفون مشاركون: Ministerio de Justicia, Universidad Católica de Valparaíso
التنسيق: كتاب
اللغة:الإسبانية
منشور في: Valparaíso, Chile Universidad Católica de Valparaíso 1987
الموضوعات:
الوسوم: إضافة وسم
لا توجد وسوم, كن أول من يضع وسما على هذه التسجيلة!

MARC

LEADER 00000cam a2200000 a 4500
001 UCT5640
003 CL-VaPUC
005 20240530162710.0
008 961216e19870000CL |||||||||||||||||spa|d
999 |c 254529  |d 254527 
040 |c Pontificia Universidad Católica de Valparaíso 
082 0 4 |a 347.83 MIN 1987  |2 21 
110 2 |a Ministerio de Justicia  |9 375259 
245 1 0 |a Informe final: racionalización del proceso judicial. 
246 1 0 |a Estudio jurídico estadístico para la proposición de reformas procedimentales. 
260 0 3 |a Valparaíso, Chile  |b Universidad Católica de Valparaíso  |c 1987 
300 |a 2 tomos. 
505 |a t.1: Proceso Penal. t.2: Proceso Civil. 
583 |a last modification  |c 20170808 12:27:01  |k Rodrigo Vera 
650 7 |a DERECHO PENAL  |2 CL-VaPUC  |9 11 
650 0 |a Abogados  |9 256284 
650 0 |a Delitos  |9 224143 
650 0 |a Sentencias  |9 256250 
650 0 |a Apelación   |9 296855 
650 7 |a DEMANDA  |2 CL-VaPUC  |9 255172 
650 0 |a Procedimiento civil  |9 254870 
650 7 |a REFORMAS JUDICIALES  |2 CL-VaPUC  |9 375262 
710 2 |a Universidad Católica de Valparaíso  |9 375260 
942 |c BK  |2 ddc 
945 |d 19961216 00:00:00  |a nastorga 
952 |0 0  |1 0  |2 ddc  |4 0  |6 347_830000000000000_MIN_1987  |7 0  |9 276246  |a BIBDER  |b BIBDER  |d 2019-11-19  |h t.1  |i 3260615  |o 347.83 MIN 1987  |p 3260615  |r 2023-01-25  |t 1  |w 2019-11-19  |y BK  |k DER 
952 |0 0  |1 0  |2 ddc  |4 0  |6 347_830000000000000_MIN_1987  |7 0  |9 276247  |a BIBDER  |b BIBDER  |d 2019-11-19  |h t.2  |i 3260623  |o 347.83 MIN 1987  |p 3260623  |r 2023-01-25  |t 1  |w 2019-11-19  |y BK  |k DER